Paroles : Puisque tu pars - Jean-Jacques Goldman - Statistiques

Statistiques générales
  • Ce quiz a été pris 122 fois
  • Le résultat moyen est 195 sur 243
Statistiques - réponses
Hint Réponse % Correct
pu
100%
Puisque
100%
puisque
100%
tu
100%
de
99%
à
98%
pars
98%
que
98%
Que
98%
ce
97%
le
97%
ne
97%
ta
97%
te
97%
les
95%
pas
95%
Pas
95%
des
94%
et
94%
Et
94%
la
94%
plus
94%
qui
94%
nous
93%
ton
93%
un
93%
une
93%
ces
92%
Si
92%
c'est
91%
mais
91%
pour
91%
comme
90%
en
90%
mieux
90%
n'est
89%
ou
89%
tout
88%
coeur
86%
t'aimer
86%
trop
86%
force
85%
Garde
84%
garde
84%
nos
84%
reste
84%
retenir
84%
t'aimons
84%
vents
84%
ainsi
82%
battre
82%
beau
82%
fait
82%
faut
82%
mènent
82%
ailleurs
81%
âmes
81%
cette
81%
d'autres
81%
même
81%
puisqu'il
81%
Puisqu'il
81%
qu'ira
81%
belles
80%
comprendre
80%
évidence
80%
intime
80%
montagne
80%
penses
80%
soit-il
80%
venir
80%
vie
80%
défaut
78%
l'on
78%
perdu
78%
peut
78%
silence
78%
apprendre
77%
donner
77%
toi
77%
chance
76%
forcément
74%
l'oubli
74%
marches
74%
parfois
74%
penser
74%
sauront
74%
t'aurions
74%
gagne
73%
indélébile
73%
loin
73%
mémoire
73%
restes
73%
dans
72%
x4 Dans
72%
notre
72%
suffire
72%
vivre
72%
au revoir
70%
hautes
70%
trahissais
70%
empreinte
69%
je
69%
t'envions
69%
au-delà
68%
l'ombre
68%
d'avril
66%
histoire
66%
rêver
66%
désirs
65%
maison
65%
villes
65%
ça
64%
J'aurai
64%
l'est
64%
assez
63%
l'horizon
63%
octobre
63%
sache
63%
tant
61%
aujourd'hui
60%
tard
60%
encore
59%
qu'ici
59%
revenir
59%
n'était
58%
est
56%
d'amour
55%
l'as
55%
t'apprennes
52%
pouvais
51%
Sans
51%
sans
51%
toutes
49%
sur
48%
d'apprendre
44%
dérisoires
44%
geste
44%
oublier
44%
pauvres
44%
simple
44%
exil
43%
larme
43%
l'intérieur
43%
armes
42%
quitter
42%
essaye
41%
douleurs
40%
pleurent
38%
portes
38%
drame
36%
parcequ'il
31%
fermer
30%
Eh
8%
Aucun quiz correspondant
Distribution des résultats
% des personnes avec chaque résultat
Percentile par nombre de réponses
Votre historique - résultats
Vous n’avez pas pris ce quiz